| 000 | 00655nam a22002057a 4500 | ||
|---|---|---|---|
| 999 |
_c14394 _d14394 |
||
| 003 | AR-CdUCM | ||
| 008 | 190423b ||||| |||| 00| 0 spa d | ||
| 020 | _a978-84-9825-914-8 | ||
| 040 |
_aMUNICIPALIDAD PROVINCIAL DEL CUSCO _cBIBLIOTECA MUNICIPAL DEL CUSCO |
||
| 082 |
_aPI / 376.1 / _bN29 |
||
| 100 |
_aNavarro, Ángels _926797 |
||
| 245 | _aAlehop, empieza el espectáculo / | ||
| 260 |
_aBarcelona : _bCombel, _c2014. |
||
| 300 |
_a20 paginas ; _bIlustraciones plegables, _c30 cm. |
||
| 650 |
_aManualidades _915530 |
||
| 650 |
_aTrucos para niños _933148 |
||
| 650 |
_aMagia del circo _933149 |
||
| 942 |
_2ddc _cLIBROS |
||
| 945 |
_awnts _d2019-04-23 |
||